Central Library OPAC University of Rajshahi

Census of India, 1951. (Record no. 35642)

MARC details
000 -LEADER
fixed length control field 00705nam a2200229u 4500
001 - CONTROL NUMBER
control field 35642
003 - CONTROL NUMBER IDENTIFIER
rucl marc code BD-RjUL
005 - DATE AND TIME OF LATEST TRANSACTION
control field 20211209052345.0
008 - FIXED-LENGTH DATA ELEMENTS--GENERAL INFORMATION
fixed length control field 140528s1954 ii ab s 000 0 eng d
035 ## - SYSTEM CONTROL NUMBER
System control number (BD-RjUL)35737
040 ## - CATALOGING SOURCE
Original cataloging agency DLC
Transcribing agency CarP
Modifying agency DLC
-- BD-RjUL
Language of cataloging eng
041 ## - LANGUAGE CODE
Language code of text/sound track or separate title eng
082 ## - DEWEY DECIMAL CLASSIFICATION NUMBER
Classification number 491.4
Author mark and year CEN V-1 1954
110 1# - MAIN ENTRY--CORPORATE NAME
Corporate name or jurisdiction name as entry element India (Republic)
Subordinate unit Census Commissioner. [from old catalog]
9 (RLIN) 108522
245 10 - TITLE STATEMENT
Title Census of India, 1951.
Number of part/section of a work Volume 1 :
Name of part/section of a work Part ii B Economic Tables
260 ## - PUBLICATION, DISTRIBUTION, ETC. (IMPRINT)
Place of publication, distribution, etc. India :
Name of publisher, distributor, etc. India Civil Servies,
Date of publication, distribution, etc. 1954.
300 ## - PHYSICAL DESCRIPTION
Pagination xxvii,466p :
Size 28 cm.
Illustrations ill. ;
651 #0 - SUBJECT ADDED ENTRY--GEOGRAPHIC NAME
Geographic name India
General subdivision Languages
Form subdivision Statistics.
9 (RLIN) 108521
942 ## - ADDED ENTRY ELEMENTS (KOHA)
Source of classification or shelving scheme Dewey Decimal Classification
Koha item type Books
Holdings
Lost status Source of classification or shelving scheme Damaged status Not for loan Collection code Permanent Location Current Location Shelving location Date acquired Source of acquisition Cost, normal purchase price Total Checkouts Full call number Date last seen Copy number Koha item type
  Dewey Decimal Classification   Not For Loan Non-fiction Central Library, University of Rajshahi Central Library, University of Rajshahi Reading Room 08/09/1968 India Int. Cal. 85.00   491.4 CEN V-1 1954 28/05/2014 C-1 Books